[Event "Sarajevo Bosnia 39th"]
[Site "Sarajevo"]
[Date "2009.05.15"]
[Round "7"]
[White "Wang, Hao"]
[Black "Harikrishna, Pentala"]
[Result "1-0"]
[WhiteElo "2696"]
[BlackElo "2686"]
[Annotator "Ftacnik,L"]
[PlyCount "81"]
[EventDate "2009.05.07"]
[EventType "tourn"]
[EventRounds "10"]
[EventCountry "BIH"]
[EventCategory "18"]
[SourceTitle "CBM 130"]
[Source "ChessBase"]
[SourceDate "2009.05.20"]
[SourceVersion "1"]
[SourceVersionDate "2009.05.20"]
[SourceQuality "1"]

1. d4 Nf6 2. c4 e6 3. Nf3 d5 4. Nc3 c6 5. Bg5 h6 6. Bh4 dxc4 7. e4 g5 8. Bg3 b5
9. Ne5 Bb7 10. h4 g4 11. Nxg4 Nxg4 12. Qxg4 Qxd4 13. Rd1 {The whole line has
become very topical. It makes little sense for White to wait with
centralization of his rook, the peaceful development was proven to be way too
slow.} (13. Be2 Na6 (13... h5 14. Qf4 Na6 15. Rd1 Qg7 16. O-O Be7 17. a4 b4 18.
Nb1 Qf6 19. Nd2 Qxf4 20. Bxf4 Nc5 21. Nxc4 Ba6 22. Rfe1 Bxc4 23. Bxc4 Nxa4 $11
{0-1 Greenfeld,A (2559)-Roiz,M (2644)/Beersheba 2007 (45)}) 14. Rd1 (14. O-O
Nc5 15. Qh5 Rg8 16. Be5 Qd7 17. Rfd1 Nd3 18. Bxd3 cxd3 19. Qf3 Rd8 20. Rd2 c5
21. a4 b4 22. Nb5 f5 23. Nc7+ Ke7 24. Qe3 Kf7 $17 {0-1 Rodshtein,M (2626)
-Nyback,T (2587)/Plovdiv 2008 (40)}) 14... Qg7 15. Qh5 Qg6 16. Qe5 Qg7 17. Nxb5
Qxe5 18. Bxe5 cxb5 19. Bxh8 Bxe4 20. b3 Bxg2 $19 {0-1 Greenfeld,A (2559)
-Gelfand,B (2736)/Beersheba 2007 (23)}) 13... Qf6 {The life for Black in this
system has started with the retreat to the g7-square. Unfortunatelly it sends
white lady to the better square f4 and fails to equalize.} (13... Qg7 14. Qf4
Na6 15. Be2 (15. a4 Bb4 16. Be2 O-O 17. O-O Nc5 18. Qe3 Nb3 19. axb5 Bc5 20.
Qf4 cxb5 21. Nxb5 Nd4 22. Nxd4 Bxd4 23. Bxc4 $16 {1/2-1/2 Sasikiran,K (2700)
-Stefanova,A (2483)/Zafra 2007 (72)}) 15... Be7 (15... e5 16. Qxe5+ Qxe5 17.
Bxe5 Rg8 18. a4 Bb4 19. O-O Nc5 20. axb5 Bxc3 21. Bxc3 cxb5 22. f3 $16 {
1-0 Pashikian,A (2611)-Motylev,A (2672)/Kallithea 2008 (45)}) 16. O-O (16. e5
Nb4 17. Ne4 Nd5 18. Qc1 Bb4+ 19. Kf1 O-O-O 20. h5 Kb8 21. Rh4 Ka8 22. b3 c3 23.
a3 Be7 24. Rg4 Qf8 25. Nxc3 Bxa3 26. Qa1 $11 {0-1 Eljanov,P (2641)-Dreev,A 
(2705)/Sochi 2005 (104)}) 16... Nc5 17. e5 Qg6 18. Rd4 Rd8 19. Rfd1 Rd5 (19...
Rxd4 20. Rxd4 Nd3 21. Qd2 h5 22. Bxd3 cxd3 23. Rxd3 $16 {1/2-1/2 Caruana,F 
(2640)-Nepomniachtchi,I (2616)/Pamplona 2008 (52)}) 20. Qe3 h5 21. Bf3 a6 22.
b4 cxb3 23. axb3 a5 24. Ne4 Nxe4 25. Bxe4 Qh6 26. Bf4 {1-0 Aronian,L (2757)
-Caruana,F (2640)/Dresden 2008 (32)}) 14. e5 {White has been successful with
the immediate attack against the pawn structure with 14.a4. It makes the whole
concept even more attractive in case the central advance will be proven to be
less promissing.} (14. a4 Bb4 (14... h5 15. Qe2 Bb4 16. Qd2 Qe7 17. Be2 Nd7 18.
O-O a6 19. Qc2 e5 20. b3 Bc5 21. axb5 axb5 22. bxc4 b4 23. Na4 Bd4 24. Rxd4
exd4 25. c5 $13 {0-1 Van Wely,L (2625)-Perunovic,M (2568)/Budva 2009 (63)}) 15.
e5 Qf5 16. Qd4 O-O 17. Qe3 Na6 18. Be2 Nc7 19. Qxh6 Rfd8 20. O-O Bf8 21. Qc1 a6
22. Bf3 $16 {1-0 Akobian,V (2619)-Rodshtein,M (2650)/Moscow 2009 (27)}) 14...
Qf5 15. Qd4 Be7 16. a4 {Attacking the b5-pawn must be more natural than the
idea 16.b3 tested by Aronian.} (16. b3 c5 17. Qe3 Nc6 18. bxc4 Nb4 $1 19. Qf4
Nc2+ 20. Ke2 Qxf4 21. Bxf4 bxc4 22. f3 Nd4+ 23. Kf2 Bd5 24. h5 Rb8 25. Be2 Rb2
26. Rd2 Rxd2 27. Bxd2 f6 28. exf6 Bxf6 $17 {1/2-1/2 Aronian,L (2757)-Kramnik,V
(2772)/Dresden 2008 (41)}) 16... c5 {Black is not struggling yet as he can
invest time into studying untested, but quite promissing castling idea.} (16...
Kf8 17. Be2 (17. f3 Na6 18. axb5 cxb5 19. Nxb5 Nb4 20. Qf4 Qxf4 21. Bxf4 Bd5
22. Nd6 Nd3+ 23. Bxd3 cxd3 24. Rxd3 Rb8 25. O-O $14 {1-0 Shulman,Y (2632)-Van
Wely,L (2622)/Ledyard 2009 (32)}) 17... b4 18. Bg4 c5 19. Qxc4 Qc2 20. Rd2 Qc1+
21. Rd1 Qc2 22. Rd2 {1/2-1/2 Onischuk,A (2659)-Nepomniachtchi,I (2628)/Moscow
2009}) (16... O-O 17. Qf4 Qc2 18. Qg4+ Kh7 19. Qe2 $11) 17. Qd2 b4 $2 {[%mdl 4]
The real reason for black's suffering is this illogical move. Hariskrishna is
less developed, but daringly plunges into direct confrontation.} (17... a6 18.
axb5 axb5 19. Nxb5 Qe4+ 20. Be2 Qxg2 21. Rh2 Qc6 22. Nd6+ Bxd6 23. exd6 Nd7 24.
h5 Qb5 25. Qc3 $14 {1/2-1/2 Grischuk,A (2748)-Leko,P (2751)/Nalchik 2009 (38)})
18. Nb5 Qe4+ (18... O-O 19. Qxh6 (19. Nc7 Nc6 20. Nxa8 Nd4 21. f4 Rxa8 $15)
19... Nc6 20. Nd6 Bxd6 21. exd6 Nd4 22. Qg5+ Kh7 23. f3 $1 $16) 19. Qe3 (19.
Qe2 Na6 20. Qxe4 Bxe4 21. Bxc4 Bxg2 22. Rg1 Bf3 23. Rd3 Be4 24. Rd6 Bb7 25.
Rxa6 Bxa6 26. Nc7+ Kd7 27. Nxa6 $16) 19... Qxe3+ 20. fxe3 c3 $6 {Black was
beyond hope for the complete equality, but ignoring the crises diminishes his
chances further. Wang Hao will deal with technical realisation with great
confidence.} (20... Nd7 21. Nc7+ Kd8 22. Nxa8 Bxa8 23. Bxc4 Bxg2 24. Bb5 Bxh1
25. Rxd7+ Ke8 26. Rxa7+ Kf8 27. a5 $16) (20... Na6 21. Bxc4 Bxg2 22. Rg1 Bf3
23. Rd6 (23. Rd2 Bc6 24. Nd6+ Bxd6 25. exd6 Nb8 26. Be5 Rf8 27. a5 $15) 23...
Bb7 24. Kf2 Kf8 25. Rd7 $16) 21. Nc7+ Kf8 22. bxc3 bxc3 23. Kf2 c4 (23... Nc6
24. Nxa8 Bxa8 25. Rc1 f6 26. exf6 Bxf6 27. Be2 Ne7 28. Bd6 Rg8 29. Bf3 $16) 24.
Bxc4 Nc6 25. Nxa8 Bxa8 26. Rc1 Bb4 {Black is struggling without exchange, his
only asset is the passed pawn on c3.} (26... Na5 27. Rxc3 Nxc4 28. Rxc4 Kg7 29.
Rc7 Bb4 30. Rf1 a5 31. h5 Rf8 32. Ke2 Ba3 33. Bh4 $18) 27. Rhd1 Ke7 (27... Kg7
28. Rd7 Ne7 29. h5 $16) 28. h5 Rc8 29. Bh4+ Kf8 30. Bf6 {The Chinese player
plans to combine the ideas of back rank attack with the ambition to advance
his h-pawn.} Ne7 (30... Na5 31. Ba6 Bb7 32. Bxb7 Nxb7 33. Rc2 Nc5 34. Ke2 a5
35. Rd8+ Rxd8 36. Bxd8 Nxa4 37. Ra2 Ke8 38. Bf6 Nb2 39. Bg7 c2 40. Ra1 $18) 31.
Rd4 a5 (31... Ba3 32. Rc2 Nf5 33. Rd1 Bb2 34. g4 $16) 32. g4 Nd5 (32... Bc6 33.
Ba6 Ra8 34. Bb5 $18) 33. g5 $1 hxg5 (33... Kg8 34. Rg1 $18) 34. Bxg5 Ba3 (34...
f5 35. exf6 Kf7 36. h6 $18) 35. Rc2 Kg7 36. Bd3 {The white pieces manage to
combine the defence on the queenside with support for the h-pawn.} f5 (36...
Bf8 37. h6+ Kg8 38. Kg1 Rb8 39. Rg2 $18) (36... Nb4 37. h6+ Kf8 38. h7 Nxd3+
39. Kg3 Kg7 40. Bf6+ Kxh7 41. Rh2+ Kg6 42. Rg4+ Kf5 43. Rh5#) 37. exf6+ Nxf6
38. h6+ Kf7 39. h7 (39. Rf4 Be7 40. h7 Kg7 41. Ke1 Nd5 42. Bh6+ Kxh6 43. Rg4
$18) 39... Nd5 40. Kg1 Kg7 (40... e5 41. Rf2+ Nf4 42. Rd8 $18) 41. Rxd5 $1 {
The final combination is simple, but a logical outcome of a sound concept.} (
41. Rxd5 $1 Bxd5 42. Rxc3 Rxc3 43. Bf6+ Kxf6 44. h8=Q+ $18) 1-0

[Event "Ciocaltea Memorial"]
[Site "Bucharest"]
[Date "1995.??.??"]
[Round "4"]
[White "Dumitrache, Dragos Nicolae"]
[Black "Rogozenco, Dorian"]
[Result "1-0"]
[WhiteElo "2530"]
[BlackElo "2440"]
[Annotator "Ftacnik,L"]
[PlyCount "83"]
[EventDate "1995.02.??"]
[EventType "tourn"]
[EventRounds "11"]
[EventCountry "ROU"]
[EventCategory "10"]
[SourceTitle "CBM 048"]
[Source "ChessBase"]
[SourceDate "1995.10.01"]
[SourceVersion "1"]
[SourceVersionDate "1995.10.01"]
[SourceQuality "1"]

1. d4 d5 2. c4 c6 3. Nf3 Nf6 4. Nc3 e6 5. Qb3 dxc4 6. Qxc4 b5 7. Qd3 Ba6 8. Ne4
(8. Qc2 b4 9. Ne4 Nxe4 10. Qxe4 Qd5 11. Qc2 Nd7 $2 12. e4 Qa5 13. Qxc6 {
1-0/Lesiege,A-Boudre,JP/Cannes Martinez/1992/}) 8... Nxe4 (8... Be7 9. Bd2 Nbd7
10. Nxf6+ Bxf6 11. e4 O-O 12. e5 Be7 13. Qe4 c5 14. Bd3 g6 15. h4 cxd4 16. b4
Qb8 17. Qxd4 Rd8 18. Qe3 Bb7 19. Bc3 Nb6 $15 {Baragar,F-Pinter,J/Zagreb izt/
1987/0-1 (41)}) (8... Qa5+ $6 9. Bd2 b4 10. Nxf6+ gxf6 11. Qc2 $1 Be7 12. a3 $1
Qb6 13. Bxb4 Bxb4+ 14. axb4 Qxb4+ 15. Qc3 $1 Qxc3+ $8 16. bxc3 Ke7 (16... c5
17. d5 $1 exd5 18. Ra5 $16) 17. Kd2 $1 $16 c5 18. e3 $1 Bxf1 19. Rhxf1 cxd4 20.
cxd4 Nd7 $8 21. Rfb1 (21. Rfc1 Rhb8 $1 $132) 21... Rhb8 $8 22. Rxb8 Nxb8 $14 {
Karpov,An-Yudasin,L/Madrid/1992/0.5 (62)}) (8... b4 $6 9. Nxf6+ gxf6 10. Qc2) (
8... Nbd7 9. e3) 9. Qxe4 b4 10. g3 Be7 11. Bg2 O-O 12. Bf4 Qd5 13. Ne5 Rc8 14.
h4 Bb5 15. Bf3 Qxe4 16. Bxe4 f6 17. Nd3 (17. Nf3 f5 18. Bc2 c5 $13) 17... Nd7 (
17... Rd8 18. Be3) 18. Rc1 a5 19. Rc2 a4 20. O-O {[%csl Rc6] Finally white
have come to castling, but black already has compensation for his Pc6.} Nb6 (
20... b3 21. axb3 axb3 22. Rc3 Ra4 $132) 21. Nc5 (21. Rfc1 Nd5) 21... Bxc5 (
21... Nd5 22. Nxe6 $16) 22. Rxc5 Bxe2 23. Rfc1 Nd5 24. Bxd5 (24. Rxc6 Rxc6 25.
Rxc6 Nxf4 26. gxf4 Rd8 $17) 24... exd5 25. Rxc6 Rxc6 26. Rxc6 a3 (26... b3 27.
axb3 axb3 28. Rb6 Bc4 29. Rb8+ Rxb8 30. Bxb8 $10) 27. b3 Bc4 $2 {[%csl Gb8]
Nice idea, but the square b8 belongs to white and it decides the issue.} (27...
Bd3 28. Rc1 Re8 29. Bd6 Re2 30. Ra1 Rb2 31. Bxb4 Rb1+ 32. Rxb1 Bxb1 33. Bxa3
Bxa2 34. b4 Bc4 $10) 28. bxc4 b3 29. cxd5 (29. axb3 $2 a2 $19) 29... b2 (29...
bxa2 30. Rc1 Re8 31. Ra1 Re2 32. d6 $18) 30. Rb6 Kf7 (30... Rc8 31. d6 Rc1+ 32.
Kg2 b1=Q 33. Rxb1 Rxb1 34. d7 $18) 31. d6 Rc8 32. d7 {This was probably missed
by black, the pawn on 7th is too strong.} Rc1+ (32... Rd8 33. Bd6 Rxd7 34. Bxa3
$18) 33. Kg2 Ke7 34. Rd6 $1 Kd8 35. Bd2 Rg1+ (35... b1=Q 36. Ba5+ Rc7 37. Bxc7+
Kxc7 38. d8=Q+ $18) 36. Kf3 (36. Kxg1 b1=Q+ 37. Kh2 Qb5) 36... b1=Q 37. Ba5+
Ke7 38. d8=Q+ Kf7 39. Qd7+ Kg6 40. Qg4+ (40. Qe8+ Kh6 41. Bd2+ g5 42. hxg5+ Kg7
43. gxf6#) 40... Kf7 41. Rd7+ Kf8 42. Qxg7+ 1-0

[Event "Lvov zt"]
[Site "Lvov"]
[Date "1990.??.??"]
[Round "?"]
[White "Novikov, Igor A"]
[Black "Dreev, Alexey"]
[Result "0-1"]
[WhiteElo "2550"]
[BlackElo "2605"]
[Annotator "Ftacnik,L"]
[PlyCount "60"]
[EventDate "1990.02.??"]
[EventType "swiss"]
[EventRounds "9"]
[EventCountry "URS"]
[SourceTitle "CBM 018"]
[Source "ChessBase"]
[SourceDate "1990.10.01"]
[SourceVersion "1"]
[SourceVersionDate "1990.10.01"]
[SourceQuality "1"]

1. d4 d5 2. c4 c6 3. Nf3 Nf6 4. Nc3 e6 5. Bg5 h6 6. Bxf6 Qxf6 7. Qb3 a5 8. e4
dxe4 9. Nxe4 Bb4+ 10. Kd1 Qf4 11. Bd3 f5 12. Ng3 c5 $1 13. a3 a4 14. Qc2 Ba5
15. Qxa4+ Bd7 16. Qc2 (16. Qb3 cxd4 17. Qxb7 $2 Bc6 18. Qb3 Bxf3+ 19. gxf3 Qd2#
) 16... cxd4 17. Ne2 $2 (17. Qc1 $5 Qxc1+ 18. Kxc1 $1 $10 {/\ Rd1}) 17... Qg4 (
17... Qc7 $6 18. Nexd4 $16) 18. Nexd4 (18. Rg1 Nc6 19. h3 Qh5 20. Nf4 Qf7 {
/\ e5, g5}) 18... Nc6 19. Nb5 (19. h3 Qxd4 $1 (19... Qxg2 20. Rg1 Nxd4 21. Rxg2
Nxc2 22. Bxc2 $15) 20. Nxd4 Nxd4 21. Qb1 Ba4+ 22. b3 Bxb3+ 23. Kc1 Bc3 24. Ra2
b5 25. cxb5 Rc8 $40) 19... Qxg2 20. Ke2 Qg4 21. Rhg1 Qh5 22. Rg3 Ne5 23. Nbd4
Nxf3 24. Nxf3 Bc6 $1 (24... Bc7 25. Rxg7 Bc6 26. Rxc7 Qxf3+ 27. Ke1 Qh1+ 28.
Bf1 Qxh2 29. Rxc6 Qe5+ (29... bxc6 30. Qc3) 30. Qe2 Qxe2+ 31. Kxe2 bxc6 32. Bg2
$132) 25. b4 Bxb4 (25... Bc7 26. b5 $1) 26. axb4 Rxa1 27. Qb2 Rg1 $1 (27...
Bxf3+ 28. Rxf3 Re1+ $17) 28. Qe5 (28. Rxg1 Qxf3+ 29. Ke1 Qxd3 30. Qxg7 Rf8 $19)
28... Rxg3 29. Qxe6+ Kd8 30. Qd6+ Kc8 {Ftacnik,L} 0-1

[Event "Tilburg"]
[Site "Tilburg"]
[Date "1993.??.??"]
[Round "2"]
[White "Nikolic, Predrag"]
[Black "Gurevich, Mikhail"]
[Result "1-0"]
[WhiteElo "2625"]
[BlackElo "2605"]
[Annotator "Ftacnik,L"]
[PlyCount "66"]
[EventDate "1993.11.??"]
[EventType "k.o."]
[EventRounds "7"]
[EventCountry "NED"]
[SourceTitle "CBM 039"]
[Source "ChessBase"]
[SourceDate "1994.04.01"]
[SourceVersion "1"]
[SourceVersionDate "1994.04.01"]
[SourceQuality "1"]

1. d4 d5 2. c4 c6 3. Nf3 Nf6 4. Nc3 e6 5. Bg5 h6 6. Bxf6 Qxf6 7. e3 Nd7 8. a3
Qd8 9. Bd3 Be7 10. O-O O-O 11. e4 (11. Rc1) (11. Qe2 f5 {Ionov-Dreev/USR-ch
Moscow/1991/}) 11... dxc4 12. Bxc4 b5 13. Bd3 b4 14. axb4 Bxb4 15. e5 Bb7 (
15... c5 16. Be4 Rb8 17. d5 $14) 16. Bc2 c5 17. Qd3 g6 18. Ne4 Qe7 (18... Bxe4
19. Qxe4 Qe7 20. Qf4 (20. h4 $5) 20... Kg7 21. Be4 Rad8 22. Rxa7 $16) (18...
cxd4 19. Qxd4 Be7 20. Rfd1 Nb6 21. Qe3 $16) 19. h4 h5 (19... cxd4 20. h5 Nc5
21. Nxc5 Bxc5 22. hxg6 $16) 20. Qe3 $1 Kg7 21. Rfd1 Rfd8 (21... cxd4 22. Rxd4
Rfc8 23. Ba4 $14) 22. Qf4 a5 23. Nfg5 cxd4 (23... Bxe4 $5 24. Bxe4 Rac8 25. d5
exd5 26. Rxd5 Nb6 27. Rxd8 Rxd8 28. e6 $40) 24. Rxd4 Rac8 25. Rxb4 $1 axb4 (
25... Bxe4 26. Rxe4 Rxc2 27. Rxa5 Rxb2 28. Ra7 Rdb8 29. Qxf7+ Qxf7 30. Nxf7
Kxf7 31. Rxd7+ $16) 26. Nd6 Rxc2 (26... Nxe5 27. Qxe5+ f6 28. Nxc8 Rxc8 29.
Qxe6 $18) 27. Ngxf7 g5 (27... Rh8 28. Nxh8 Kxh8 29. Nxb7 $18) 28. hxg5 Rf8 (
28... Ra8 29. Rxa8 Bxa8 30. g6 $18) 29. g6 Rxf7 30. gxf7 Nf8 (30... Bc6 31. Rd1
(31. Ra7 Rxb2 32. Qc1 Rb3 33. Qxc6 $2 Rb1+ 34. Kh2 Qh4#) 31... Rxb2 32. Rd3 Kh7
33. Rh3 Kg6 34. Qg3+ Kh6 35. Qe3+ Qg5 36. f8=Q+ Nxf8 37. Nf7+ $18) (30... Bd5
31. Ra7 {/\ Rd7}) 31. Ra7 Rc7 32. Ne8+ Kg6 (32... Kh7 33. Nxc7 Qxc7 34. Qxb4
$18) 33. Qg3+ Kxf7 (33... Kxf7 34. Nd6+) 1-0

[Event "Groningen"]
[Site "Groningen"]
[Date "1991.??.??"]
[Round "6"]
[White "Piket, Jeroen"]
[Black "Dreev, Alexey"]
[Result "1-0"]
[WhiteElo "2590"]
[BlackElo "2610"]
[Annotator "Ftacnik,L"]
[PlyCount "51"]
[EventDate "1991.12.??"]
[EventType "tourn"]
[EventRounds "9"]
[EventCountry "NED"]
[EventCategory "13"]
[SourceTitle "CBM 027"]
[Source "ChessBase"]
[SourceDate "1992.04.01"]
[SourceVersion "1"]
[SourceVersionDate "1992.04.01"]
[SourceQuality "1"]

1. Nf3 d5 2. d4 Nf6 3. c4 c6 4. Nc3 e6 5. Bg5 h6 6. Bh4 (6. Bxf6 Qxf6) 6...
dxc4 7. e4 g5 8. Bg3 b5 9. Be2 Bb7 (9... b4 10. Na4 Nxe4 11. Be5 Rg8 (11... f6
12. Qc2 $1 $40) 12. Qc2 $36) 10. e5 Nh5 11. O-O Nd7 (11... Nxg3 $6 12. fxg3 Nd7
13. Ne1 $40) 12. a4 a6 13. Kh1 Ng7 14. Ne4 Nf5 (14... c5 15. Nd6+ Bxd6 16. exd6
$40) 15. Nfd2 Qb6 (15... Nxd4 16. Nxc4 bxc4 (16... Nxe2 17. Ncd6+ $16) 17. Qxd4
$16) 16. Bh5 Qxd4 17. Qg4 Nc5 (17... Qxb2 18. Nxc4 bxc4 (18... Qd4 19. Ncd6+
Bxd6 20. Nxd6+ Kf8 21. Nxb7 $16) 19. Rab1 Qd4 20. Rxb7 $18) (17... Nxe5 18.
Nf6+ Ke7 19. Qxd4 Nxd4 20. Bxe5 $18) 18. Rae1 Nd3 19. Re2 Be7 20. f4 gxf4 (
20... Ne3 $2 21. Qxe6 Nxf1 22. Nd6+ Kd8 23. Nxb7+ Kc7 (23... Ke8 24. Nd6+ Kd8
25. Nxf7+) 24. Qxe7+ Qd7 25. Qxd7+ Kxd7 26. Nxf1 $18) 21. Bxf4 Nxf4 22. Rxf4
Qxe5 23. Ng3 Qg7 24. Bxf7+ Qxf7 (24... Kxf7 25. Rxf5+ Kg8 (25... exf5 26. Rxe7+
$18) (25... Bf6 26. Qh5+ Qg6 27. Rxe6 $3 $18) 26. Qe4 $40) 25. Nxf5 O-O-O $2 (
25... exf5 26. Rxf5 Bc8 (26... Qh7 27. Qh5+ Kd8 28. Rf7 $18) (26... Qg8 27.
Qh5+ Kd7 28. Ne4 $40) 27. Rxf7 Bxg4 28. Rexe7+ Kd8 29. Ne4 $16) 26. Nd6+ {
Ftacnik,L} 1-0